Model mommy : (Record no. 136162)
[ view plain ]
| 000 -LEADER | |
|---|---|
| fixed length control field | 00773nam a22002417a 4500 |
| 003 - CONTROL NUMBER IDENTIFIER | |
| control field | dpl |
| 005 - DATE AND TIME OF LATEST TRANSACTION | |
| control field | 20180607134613.0 |
| 008 - FIXED-LENGTH DATA ELEMENTS--GENERAL INFORMATION | |
| fixed length control field | 180607b xxu||||| |||| 00| 0 eng d |
| 010 ## - LIBRARY OF CONGRESS CONTROL NUMBER | |
| LC control number | B-157536 |
| 020 ## - INTERNATIONAL STANDARD BOOK NUMBER | |
| International Standard Book Number | 0070582750 |
| 035 ## - SYSTEM CONTROL NUMBER | |
| System control number | B-157536, B-157543 |
| 037 ## - SOURCE OF ACQUISITION | |
| Stock number | Cen Lib/Ret |
| 040 ## - CATALOGING SOURCE | |
| Original cataloging agency | DPL |
| Language of cataloging | EN |
| Transcribing agency | 0 |
| 082 ## - DEWEY DECIMAL CLASSIFICATION NUMBER | |
| Classification number | 618.6 |
| Item number | VEN |
| 110 ## - MAIN ENTRY--CORPORATE NAME | |
| Subordinate unit | Vendela |
| 9 (RLIN) | 112594 |
| 245 ## - TITLE STATEMENT | |
| Title | Model mommy : |
| Remainder of title | vendela's plan for emotional support, exercise, and eating right after having a baby / |
| 260 ## - PUBLICATION, DISTRIBUTION, ETC. (IMPRINT) | |
| Place of publication, distribution, etc | New Delhi |
| Name of publisher, distributor, etc | Tata McGraw-Hill Publishing Co. Ltd. |
| Date of publication, distribution, etc | 2002 |
| 270 ## - ADDRESS | |
| Address | 7 West Patel Nagar |
| City | New Delhi |
| Postal code | 110095 |
| 300 ## - PHYSICAL DESCRIPTION | |
| Extent | xxv, 164p ; |
| Other physical details | 26cm(Hb) |
| 650 ## - SUBJECT ADDED ENTRY--TOPICAL TERM | |
| Topical term or geographic name as entry element | Motherhood. |
| 9 (RLIN) | 8107 |
| 650 ## - SUBJECT ADDED ENTRY--TOPICAL TERM | |
| Topical term or geographic name as entry element | Exercise for women. |
| 9 (RLIN) | 112595 |
| 942 ## - ADDED ENTRY ELEMENTS (KOHA) | |
| Source of classification or shelving scheme | Dewey Decimal Classification |
| Koha item type | English Books |
| Classification part | 618.6 |
| Call number suffix | VEN |
| Withdrawn status | Lost status | Damaged status | Not for loan | Home library | Current library | Date acquired | Source of acquisition | Total Checkouts | Full call number | Barcode | Date last seen | Copy number | Price effective from | Koha item type | Source of classification or shelving scheme | Collection code | Cost, normal purchase price | Cost, replacement price |
|---|---|---|---|---|---|---|---|---|---|---|---|---|---|---|---|---|---|---|
| Central Library | Central Library | 22/12/2015 | Cen Lib/Ret | 618.6 VEN | B-157536 | 22/12/2015 | 1 | 22/12/2015 | English Books | |||||||||
| Shahdara Branch | Shahdara Branch | 07/06/2018 | BPPD/PUB | 618.6 VEN | B-157543 | 07/06/2018 | 07/06/2018 | English Books | Dewey Decimal Classification | Non-fiction | 0.00 | 0.00 |
